00649nam a2200253Ia 4500008004100000020001500041050001000056050001400066100001900080245003600099245005400135245003700189260001800226260001100244260000900255300001600264300002000280300001000300650001300310650002500323650001700348650001100365999001900376170712s9999 xx 000 0 und d a9712714381 a641.5 bL864 2004 aLopez, Marilen aEl Comedor meals and memories : bfeaturing the recipes of Lourdes P. del Rosario / cby Marilen Lopez and Tina Lopez. aPhilippines : bAnvil, c2004 a162 pages : billustrations ; c22cm. aCookery. aCooking, Philippine. aLopez, Tina. xTitle. c340404d340404